000 00946nam a22002897a 4500
001 BR8303078
003 BR-BrBNA
005 20230928091705.0
007 ta
008 230509b bl.||||| |||| 00| 0 por d
040 _aBR-BrBNA
_bpor
_cBiblioteca Nacional de Agricultura
041 _a(Por)
072 _aH20; H10
_b3930
090 _ 3930 BR8303078
100 1 _aFrigo, S.M.
110 1 _aEscola Superior de Agricultura Luiz de Queiroz, Piracicaba, SP (Brasil)
_0Tese (Doutor em Agronomia)
245 1 _aVariabilidade de fusao de protoplastos em Metarhizium anisopliae (Metsch.)Sorokin [controle biologico, fungo]
260 3 _aPiracicaba, SP (Brasil):
_c1983.
300 _a130 p.
500 _a16 illus.; 8 tables; Bibliography p. 82-97 (96 ref.); Summaries (Eng, Por)
650 _aCONTROLE BIOLOGICO
650 _aFUNGO
650 _aARROZ
650 _aPROTOPLASTO
909 _a202309
_bLucia
_c55
_dLucia Elande
942 _cBK
999 _c35035
_d35035